Parque natural regional páramo de Santurban. (Registro nro. 20883)

Detalles MARC
000 -CABECERA
Campo de control 00847nam a22002417a 4500
005 - FECHA Y HORA DE LA ULTIMA TRANSACCION
Campo de control 20200220103449.0
008 - ELEMENTOS DE LONGITUD FIJA—INFORMACION GENERAL
Campo de control 200220b xxu||||| |||| 00| 0 spa d
040 ## - FUENTE DE CATALOGACIÓN
Agencia catalogadora original CO-BoIAVH
Agencia transcriptora CO-BoIAVH
041 ## - IDIOMA
Código de idioma para texto/pista de sonido o título separado Español
044 ## - PAÍS DE PUBLICACIÓN
País de publicación Colombia
110 ## - ASIENTO PRINCIPAL--NOMBRE CORPORATIVO
9 (RLIN) 65559
Nombre corporativo o de jurisdicción como elemento de entrada Biocolombia
245 ## - MENCION DE TITULO
Título Parque natural regional páramo de Santurban.
260 ## - PUBLICACION, DISTRIBUCION, ETC. (PIE DE IMPRENTA)
Lugar de publicación, distribución, etc. Santander:
Nombre del editor, distribuidor, etc. CDMB,
Fecha de publicación, distribución, etc. 2012.
300 ## - DESCRIPCION FISICA
Extensión 158 Páginas:
Otros detalles físicos mapas, fotografías y tablas,
Dimensiones 28 x 23 cm.
505 ## - NOTA DE CONTENIDO
Nota de contenido Documento técnico de soporte propuesta de área protegida
650 #0 - ASIENTO SECUNDARIO DE MATERIA - TERMINO TEMATICO
9 (RLIN) 36973
Término temático o nombre geográfico como elemento de entrada Geología
Subdivisión general Investigación
650 #0 - ASIENTO SECUNDARIO DE MATERIA - TERMINO TEMATICO
9 (RLIN) 2473
Término temático o nombre geográfico como elemento de entrada Conservación de ecosistemas
650 #0 - ASIENTO SECUNDARIO DE MATERIA - TERMINO TEMATICO
9 (RLIN) 257
Término temático o nombre geográfico como elemento de entrada Conservación de la diversidad biológica
650 #0 - ASIENTO SECUNDARIO DE MATERIA - TERMINO TEMATICO
9 (RLIN) 5364
Término temático o nombre geográfico como elemento de entrada Flora y Fauna
650 #0 - ASIENTO SECUNDARIO DE MATERIA - TERMINO TEMATICO
9 (RLIN) 10989
Término temático o nombre geográfico como elemento de entrada Investigación científica
651 #0 - ASIENTO SECUNDARIO DE MATERIA - NOMBRE GEOGRAFICO
9 (RLIN) 72239
Nombre geográfico Páramo de Santurbán (Santander, Colombia)
942 ## - ELEMENTOS ADICIONALES (KOHA)
Sistema de clasificación Dewey Decimal Classification
Tipo de ítem Informe Técnico
Existencias
Withdrawn status Lost status Sistema de Clasificación Damaged status No para préstamo Colección Ubicación Permanente Ubicación actual Fecha de adquisición Total Checkouts Número topográfico Inventario / Código de Barras Date last seen Ejemplar Price effective from Forma de adquisición Tipo de material
    Dewey Decimal Classification     General Bogotá Bogotá 20/02/2020   LB-5922 044219 20/02/2020 Ej. 1 20/02/2020 Donación Informe Técnico